[Event "Rilton Cup 31st"]
[Site "Stockholm"]
[Date "2002.01.02"]
[Round "6"]
[White "Backelin, Rikard"]
[Black "Ahlander, Bjorn"]
[Result "0-1"]
[WhiteElo "2290"]
[BlackElo "2426"]
[PlyCount "70"]
[EventDate "2001.12.27"]
[EventType "swiss"]
[EventRounds "9"]
[EventCountry "SWE"]
[SourceTitle "CBM 085 Extra"]
[Source "ChessBase"]
[SourceDate "2002.01.21"]
[SourceVersion "1"]
[SourceVersionDate "2002.01.21"]
[SourceQuality "1"]

1. c4 e6 2. Nc3 d5 3. cxd5 exd5 4. d4 Be7 5. Bf4 c6 6. e3 Bf5 7. f3 Nf6 8. Nge2 0-0 9. g4 Be6 10. Qd2 c5 11. dxc5 Bxc5 12. 0-0-0 Nc6 13. Kb1 Rc8 14. h4 Qa5 15. Rc1 d4 16. exd4 Rfd8 17. d5 Nb4 18. dxe6 Rxd2 19. exf7+ Kxf7 20. Bxd2 Qd8 21. Ng3 Qxd2 22. Nge4 Qf4 23. Bc4+ Kf8 24. Ne2 Qe5 25. Ng5 Be3 26. f4 Qa5 27. a3 Bxc1 28. Rxc1 Nbd5 29. Ne6+ Ke7 30. Nxg7 Qd2 31. Nf5+ Kf8 32. g5 Rxc4 33. Rxc4 Qd3+ 34. Rc2 Qxf5 35. Ng3 Qd3 0-1

[Event "Rilton Cup 31st"]
[Site "Stockholm"]
[Date "2001.12.29"]
[Round "3"]
[White "Backelin, Rikard"]
[Black "Brynell, Stellan"]
[Result "0-1"]
[WhiteElo "2290"]
[BlackElo "2506"]
[PlyCount "82"]
[EventDate "2001.12.27"]
[EventType "swiss"]
[EventRounds "9"]
[EventCountry "SWE"]
[SourceTitle "CBM 085 Extra"]
[Source "ChessBase"]
[SourceDate "2002.01.21"]
[SourceVersion "1"]
[SourceVersionDate "2002.01.21"]
[SourceQuality "1"]

1. e4 e6 2. d4 d5 3. Nd2 c5 4. exd5 exd5 5. Ngf3 Nf6 6. Bb5+ Bd7 7. Qe2+ Be7 8. dxc5 0-0 9. Nb3 Re8 10. 0-0 Bxc5 11. Qd3 Bb6 12. Bxd7 Nbxd7 13. Bf4 Re4 14. Bg3 Qe7 15. Rad1 Re8 16. Nbd4 Nc5 17. Qd2 Qd7 18. c3 Nh5 19. Qg5 Nxg3 20. hxg3 h6 21. Qh5 Rd8 22. Rd2 Ree8 23. Nh4 Ne4 24. Rd3 Kh7 25. Qf5+ g6 26. Qxd7 Rxd7 27. Nhf3 Rde7 28. Rfd1 Kg7 29. Kf1 Nd6 30. R3d2 Ne4 31. Rc2 h5 32. Re2 a6 33. Rc2 f5 34. c4 dxc4 35. Rxc4 Kf6 36. Kg1 Rd7 37. Ne1 Nd2 38. Rxd2 Rxe1+ 39. Kh2 Re4 40. Nf3 Rxd2 41. Rxe4 Rxb2 0-1

[Event "SWE-chT 0102"]
[Site "Sweden"]
[Date "2001.12.08"]
[Round "5"]
[White "Olsson, Anders"]
[Black "Backelin, Rikard"]
[Result "1-0"]
[WhiteElo "2434"]
[BlackElo "2384"]
[PlyCount "83"]
[EventDate "2001.10.12"]
[EventType "team"]
[EventRounds "11"]
[EventCountry "SWE"]
[SourceTitle "EXT 2003"]
[Source "ChessBase"]
[SourceDate "2002.11.25"]
[SourceVersion "1"]
[SourceVersionDate "2002.11.25"]
[SourceQuality "1"]
[WhiteTeam "Stockholm Rockaden"]
[BlackTeam "Farsta"]
[WhiteTeamCountry "SWE"]
[BlackTeamCountry "SWE"]

1. e4 e6 2. d4 d5 3. Nd2 dxe4 4. Nxe4 Nd7 5. Nf3 Ngf6 6. Nxf6+ Nxf6 7. Bd3 c5 8. dxc5 Bxc5 9. 0-0 0-0 10. Bg5 b6 11. Qe2 Bb7 12. Rad1 Qc7 13. Ne5 Rfd8 14. Rfe1 Rd5 15. Bxf6 gxf6 16. Qg4+ Kf8 17. Nf3 Rad8 18. Qh4 Ke7 19. Qxh7 Qf4 20. Re2 Rxd3 21. cxd3 Qg4 22. h3 Qa4 23. Rde1 Bd5 24. Nh4 Rd7 25. d4 Bb4 26. Nf5+ Kd8 27. Qg8+ Kc7 28. Rc1+ Bc6 29. Rec2 exf5 30. b3 Qb5 31. Rxc6+ Qxc6 32. Rxc6+ Kxc6 33. Qc8+ Kd6 34. Qc4 a5 35. Qb5 Rc7 36. Qxf5 Ke7 37. g3 Bd6 38. Kg2 Rc1 39. h4 Rd1 40. Qd5 Rd2 41. a4 f5 42. Qb7+ 1-0